000 00318nam a2200121Ia 4500
005 20251222141925.0
008 251222s9999||||xx |||||||||||||| ||spa||
082 _a869.009/M17
100 _aMairana, María Teresa
245 0 _aCuatro Estudios de Literatura Comparada
264 _bL' Smitié Guérimienne
942 _cLIB
999 _c8847
_d8847